[Event "Invitation"]
[Site "http://www.queenalice.com/game.php?id=313292"]
[Date "2007.12.1"]
[Round "-"]
[White "AZ_G"]
[Black "victim1"]
[Result "1-0"]
[WhiteElo "1100"]
[BlackElo "1111"]

1. e4 d5 2. exd5 Qxd5 3. Nc3 Qe5+ 4. Be2 Bg4 5. Nf3 Bxf3 6. gxf3 g5 7. d4 Qe6 8.
Rg1 Bh6 9. Bxg5 a5 10. Ne4 b6 11. a3 Nf6 12. Bxh6 Nxe4 13. fxe4 Qxh6 14. Bb5+
Nd7 15. Qg4 Rd8 16. Rd1 Qxh2 17. Qg7 Rf8 18. e5 h5 19. Rd3 Qf4 20. e6 fxe6 21.
Rf1 Qc1+ 22. Ke2 Qxb2 23. Qg6+ Rf7 24. Rf3 Qxc2+ 25. Qxc2 Rf5 26. Rg3 Kf8 27.
Qxc7 Rxb5 28. Qxd8+ Kf7 29. Qg8+ Kf6 30. Qg6# 1-0

[Event "Challenge"]
[Site "http://www.queenalice.com/game.php?id=314678"]
[Date "2007.12.4"]
[Round "-"]
[White "los2013"]
[Black "AZ_G"]
[Result "0-1"]
[WhiteElo "1250"]
[BlackElo "1306"]

1. g4 d6 2. Nh3 Bxg4 3. Nf4 e6 4. h3 Bf5 5. Bg2 c6 6. e4 Qg5 7. d3 Bg6 8. h4
Qa5+ 9. Nc3 Nf6 10. h5 Nxh5 11. Bh3 Nxf4 12. Bxf4 d5 13. a4 dxe4 14. dxe4 Nd7
15. Qd4 Rd8 16. b4 Bxb4 17. O-O Bxc3 18. Rfb1 Bxd4 19. Rxb7 Bxe4 20. Re1 Qxe1+
21. Bf1 Qxf2# 0-1

[Event "Challenge"]
[Site "http://www.queenalice.com/game.php?id=316408"]
[Date "2007.12.7"]
[Round "-"]
[White "AZ_G"]
[Black "Red1"]
[Result "1-0"]
[WhiteElo "1420"]
[BlackElo "1182"]

1. e3 d5 2. Be2 e5 3. d4 Nc6 4. Bd2 exd4 5. exd4 Nxd4 6. c3 Nxe2 7. Qxe2+ Be6 8.
h4 h6 9. Nf3 Bc5 10. Qb5+ c6 11. Qxc5 Ne7 12. O-O Rc8 13. Re1 h5 14. Ng5 Ng6 15.
Nxe6 Qe7 16. Nxg7+ Kd7 17. Rxe7+ Nxe7 18. Na3 b6 19. Qd4 Rh6 20. Bxh6 Rh8 21.
Bg5 Rh7 22. Re1 Kd6 23. Ne8+ Kd7 24. Rxe7+ Kd8 25. Rc7+ Kxe8 26. Qe5+ Kf8 27.
Rc8# 1-0

[Event "Invitation"]
[Site "http://www.queenalice.com/game.php?id=318166"]
[Date "2007.12.10"]
[Round "-"]
[White "AZ_G"]
[Black "rrainey22"]
[Result "1-0"]
[WhiteElo "1411"]
[BlackElo "1598"]

1. d4 d5 2. Bd2 Nc6 3. c3 e5 4. e3 e4 5. c4 f5 6. Qh5+ g6 7. Qd1 a6 8. Nc3 Be6
9. Qb3 Na5 10. Qa4+ c6 11. cxd5 b5 12. Qc2 cxd5 13. Nge2 Rc8 14. Nf4 Bf7 15. Qd1
Nc4 16. b3 Nb6 17. Nxb5 axb5 18. Ba5 Ra8 19. Bxb5+ Ke7 20. Bb4+ Kf6 21. Bc5 Nd7
22. h4 Bxc5 23. dxc5 Nxc5 24. Qd4+ Ke7 25. Qxc5+ Qd6 26. Rc1 Nf6 27. O-O Rhc8
28. Qd4 Rxc1 29. Rxc1 Rxa2 30. Rc6 Qb8 31. Qc5+ Kd8 32. Rd6+ Ke7 33. Rd7+ Ke8
34. Rb7+ Nd7 35. Bxd7+ Kd8 36. Qf8+ Be8 37. Qxe8# 1-0

[Event "Revenge"]
[Site "http://www.queenalice.com/game.php?id=322081"]
[Date "2007.12.18"]
[Round "-"]
[White "rrainey22"]
[Black "AZ_G"]
[Result "1-0"]
[WhiteElo "1736"]
[BlackElo "1414"]

1. e4 Nf6 2. e5 Nd5 3. c3 e6 4. d4 g6 5. g3 c5 6. a3 a5 7. Bg2 a4 8. Bd2 b6 9.
c4 Nc6 10. cxd5 Nxd4 11. dxe6 Nb3 12. exf7+ Kxf7 13. Bd5+ Ke8 14. Bxb3 Bb7 15.
f3 axb3 16. Qxb3 Qc7 17. Qe3 Bg7 18. Bc3 Kd8 19. Ne2 Re8 20. Nd2 d6 21. O-O-O
Bxe5 22. Qg5+ Qe7 23. Qxe7+ Rxe7 24. Rhf1 Ba6 25. Rf2 Bxe2 26. Rxe2 Bxc3 27.
Rxe7 Bxd2+ 28. Rxd2 Kxe7 29. Re2+ Kd7 30. Re4 Re8 31. Rh4 Re1+ 32. Kd2 g5 33.
Rxh7+ Re7 34. Rh5 c4 35. Rxg5 Re5 36. Rxe5 dxe5 37. Kc3 b5 38. h4 Ke7 39. Kb4
Kf7 40. Kxb5 Kf6 41. Kxc4 Kf5 42. b4 e4 43. fxe4+ Kxe4 44. b5 1-0

[Event "Tie Breaker!"]
[Site "http://www.queenalice.com/game.php?id=365860"]
[Date "2008.3.5"]
[Round "-"]
[White "AZ_G"]
[Black "rrainey22"]
[Result "0-1"]
[WhiteElo "1397"]
[BlackElo "1742"]

1. e3 e5 2. Be2 e4 3. Nc3 d5 4. d3 f5 5. dxe4 dxe4 6. Nd5 c6 7. Nf4 g6 8. b3 Bg7
9. c3 Bxc3+ 10. Bd2 Bxa1 11. Qxa1 Nf6 12. Qe5+ Qe7 13. Qd4 b5 14. Ngh3 O-O 15.
Bb4 Qd8 16. Bc4+ bxc4 17. Qxc4+ Kg7 18. Qxc6 Nxc6 19. Bc3 Kg8 20. O-O Qe7 21.
Rd1 Qa3 22. Ne2 Qxa2 23. Rd2 Qb1+ 24. Nc1 Qxc1+ 25. Rd1 Qxd1+ 26. Be1 Qxe1# 0-1

[Event "TIE BREAKER"]
[Site "http://www.queenalice.com/game.php?id=365862"]
[Date "2008.3.5"]
[Round "-"]
[White "AZ_G"]
[Black "rrainey22"]
[Result "0-1"]
[WhiteElo "1404"]
[BlackElo "1739"]

1. e3 e5 2. d3 d5 3. Be2 f5 4. Bd2 e4 5. Nc3 c6 6. dxe4 dxe4 7. f3 exf3 8. Nxf3
Nd7 9. Ng5 Qxg5 10. e4 Qf6 11. Rf1 Qh4+ 12. g3 Qxh2 13. Bf4 fxe4 14. Nxe4 Qg2
15. Bf3 Qh3 16. Ng5 Qf5 17. Qe2+ Be7 18. Rh1 h6 19. Bh5+ g6 20. Bg4 Qf6 21. Rd1
hxg5 22. Rxh8 Qxh8 23. Qe6 gxf4 24. Qxg6+ Kd8 25. Qf5 Qh1+ 26. Kf2 Qh2+ 27. Kf3
Qxg3+ 28. Ke4 Qe3# 0-1

[Event "Im not goin out like that!"]
[Site "http://www.queenalice.com/game.php?id=366733"]
[Date "2008.3.6"]
[Round "-"]
[White "AZ_G"]
[Black "rrainey22"]
[Result "0-1"]
[WhiteElo "1399"]
[BlackElo "1750"]

1. Nh3 e5 2. e4 d5 3. exd5 Qxd5 4. Qe2 Bxh3 5. Rg1 Bd7 6. Nc3 Qe6 7. g4 g5 8.
Bg2 c6 9. Ne4 f6 10. Ng3 Qxg4 11. Nh5 Qxe2+ 12. Kxe2 Bg4+ 13. Bf3 Bf5 14. Kd1 e4
15. Bg4 Bg6 16. Ng3 f5 17. Nxf5 h5 18. Be2 Bxf5 19. Rxg5 Ne7 20. b4 h4 21. Bb2
Rh7 22. Bh5+ Kd8 23. Bf6 Bh3 24. Bg4 Nd7 25. Bxe7+ Bxe7 26. Rg8+ Nf8 27. Bxh3
Rf7 28. Rg4 Rxf2 29. Rxe4 Rxh2 30. Rd4+ Kc7 31. Bf1 Rh1 32. Rf4 h3 33. Re4 Rxf1+
34. Re1 Rxe1+ 35. Kxe1 h2 36. Ke2 Ne6 37. Rh1 Bd6 38. a4 Rg8 39. c4 Rg1 40. a5
Rxh1 41. b5 cxb5 42. cxb5 Rg1 43. d4 h1=Q 44. b6+ axb6 45. axb6+ Kxb6 46. Kf2
Qg2+ 47. Ke3 Re1+ 48. Kd3 Qe4+ 49. Kd2 Qe3+ 50. Kc2 Nxd4+ 51. Kb2 Qb3# 0-1

[Event "Challenge"]
[Site "http://www.queenalice.com/game.php?id=369119"]
[Date "2008.3.11"]
[Round "-"]
[White "rrainey22"]
[Black "AZ_G"]
[Result "0-1"]
[WhiteElo "1724"]
[BlackElo "1395"]

1. e4 e5 2. d4 Qf6 3. d5 Bc5 4. f3 Ne7 5. c3 c6 6. dxc6 Nbxc6 7. b4 Bd6 8. Bc4
a5 9. b5 Nd8 10. a4 b6 11. h4 h5 12. Bg5 Qg6 13. Qd2 Nb7 14. Ne2 f6 15. Be3 Qxg2
16. Rg1 Qxf3 17. Qd3 Bc5 18. Rg3 Qh1+ 19. Kd2 f5 20. exf5 d5 21. Bb3 e4 22. Qc2
Qxh4 23. Bxc5 Nxc5 24. Rxg7 Bxf5 25. Ke3 Ne6 26. Rg1 Qh3+ 27. Rg3 d4+ 28. cxd4
Qh2 29. Nbc3 h4 30. Rgg1 Qh3+ 31. Ng3 Rd8 32. Qg2 hxg3 33. d5 Qh6+ 34. Ke2 Nd4+
35. Kd1 Nxb3 36. Ra2 Nxd5 37. Nxd5 Rxd5+ 38. Ke1 Qc1+ 39. Ke2 Nd4# 0-1

[Event "Never again!"]
[Site "http://www.queenalice.com/game.php?id=370826"]
[Date "2008.3.14"]
[Round "-"]
[White "rrainey22"]
[Black "AZ_G"]
[Result "1-0"]
[WhiteElo "1712"]
[BlackElo "1451"]

1. e4 e5 2. d4 exd4 3. Qxd4 c5 4. Qe3 Be7 5. e5 d6 6. exd6 Qxd6 7. c4 f5 8. f4
g6 9. Bd2 h5 10. Bc3 Nf6 11. h3 a6 12. g3 b5 13. cxb5 Bb7 14. Rh2 Nd5 15. Qe5
Qxe5+ 16. Bxe5 O-O 17. bxa6 Nxa6 18. a3 h4 19. g4 fxg4 20. Bc4 g3 21. Rd2 Rad8
22. Nc3 Nc7 23. Bxc7 Rde8 24. Kd1 Kh7 25. Bxd5 Bc8 26. Bc6 Bd8 27. Bxe8 Bxc7 28.
Bc6 Rxf4 29. Kc2 Ba5 30. Rad1 c4 31. b4 Bf5+ 32. Kb2 Bc7 33. Nd5 Be5+ 34. Ka2 c3
35. Re2 Be4 36. Nxf4 Bxf4 37. Bxe4 c2 38. Bxc2 g2 39. Rxg2 Be3 40. Bxg6+ Kh6 41.
Nf3 Kg7 42. Nxh4 Kf6 43. Re2 Bf4 44. Rf1 Kg5 45. Ng2 Bd6 46. Be8 Kh6 47. Rf6+
Kg5 48. Rxd6 Kf5 49. Rd5+ Kf6 50. Nf4 Kg7 51. Re6 Kf8 52. Rd8 Kg7 53. Bc6 Kh7
54. Rd7+ Kh8 55. Re8# 1-0

[Event "Challenge"]
[Site "http://www.queenalice.com/game.php?id=372925"]
[Date "2008.3.18"]
[Round "-"]
[White "rrainey22"]
[Black "AZ_G"]
[Result "1/2-1/2"]
[WhiteElo "1758"]
[BlackElo "1441"]

1. e4 d5 2. e5 Be6 3. d4 c6 4. f4 Nd7 5. c3 Qc7 6. g3 f6 7. Bd3 fxe5 8. fxe5 c5
9. Qh5+ g6 10. Bxg6+ Kd8 11. Bf7 Bxf7 12. Qxf7 Nh6 13. Qxd5 cxd4 14. e6 Qe5+ 15.
Qxe5 Nxe5 16. cxd4 Nd3+ 17. Kd2 Nf2 18. Ke2 Nxh1 19. d5 Rc8 20. Na3 Bg7 21. Nf3
Nf5 22. Ng5 Nd4+ 23. Kf1 Rf8+ 24. Nf7+ Ke8 25. Kg1 Nxg3 26. hxg3 Ne2+ 27. Kf2
Nxc1 28. Ke3 Bxb2 29. Rb1 Rc3+ 30. Kd2 Nd3 31. Nb5 Rc5 32. Nxa7 Be5 33. Kxd3 Rg8
34. Nxe5 Rxg3+ 35. Kd4 Rc7 36. Nb5 Rc2 37. a3 Rd2+ 38. Kc4 Re3 39. Nf7 Kf8 40.
a4 b6 41. Na7 Re4+ 42. Kb5 Rxd5+ 43. Kc6 Rdd4 44. Rxb6 Rxe6+ 45. Kc5 Ree4 46.
Ng5 Rc4+ 47. Kb5 Rh4 48. Ne6+ Kf7 49. Nd8+ Kg8 50. Ra6 Rcd4 51. Nac6 Rh5+ 52.
Kb6 Rh6 53. Kc5 Rxd8 54. Nxe7+ Kf7 55. Rxh6 Kxe7 56. Rxh7+ Ke8 57. Rh8+ Kd7 58.
Rxd8+ Kxd8 59. Kb6 Kc8 60. Ka7 Kc7 61. a5 Kc8 62. Ka8 Kc7 63. Ka7 Kc8 64. Kb6
Kb8 65. a6 Ka8 66. a7 1/2-1/2

[Event "Challenge"]
[Site "http://www.queenalice.com/game.php?id=375043"]
[Date "2008.3.21"]
[Round "-"]
[White "rrainey22"]
[Black "AZ_G"]
[Result "1-0"]
[WhiteElo "1794"]
[BlackElo "1469"]

1. e4 d5 2. e5 f5 3. d4 e6 4. f4 Nc6 5. c3 a5 6. Qa4 Qd7 7. b4 Na7 8. Qxd7+ Bxd7
9. a3 Nb5 10. Bb2 axb4 11. axb4 Rxa1 12. Bxa1 Ne7 13. g3 Ng6 14. Nh3 b6 15. Ng5
c5 16. bxc5 bxc5 17. Bxb5 Bxb5 18. Nxe6 Be7 19. Nc7+ Kd7 20. Nxb5 Rb8 21. N5a3
cxd4 22. O-O dxc3 23. Rc1 Bc5+ 24. Kg2 d4 25. Kf1 Ne7 26. Ke2 Rb3 27. Nc2 Nd5
28. Kd3 Ne3 29. Nxd4 Bxd4 30. Kxd4 c2 31. Nc3 Ng4 32. h3 Rb4+ 33. Kc5 Nxe5 34.
Rxc2 Nd3+ 35. Kd5 Rb6 36. Kd4 Nb4 37. Re2 Nc6+ 38. Kc5 Rb8 39. Rd2+ Kc7 40. Nb5+
Kb7 41. Rd7+ Ka6 42. Nc7+ Ka7 43. Kxc6 Rb6+ 44. Kd5 h6 45. Bxg7 Kb7 46. Ne6+ Kc8
47. Rd8+ Kb7 48. Bxh6 Rb5+ 49. Kd6 Rb3 50. Nc5+ Kb6 51. Nxb3 Kb5 52. Rf8 Kc4 53.
Na5+ 1-0

[Event "Back in Black"]
[Site "http://www.queenalice.com/game.php?id=385541"]
[Date "2008.4.11"]
[Round "-"]
[White "AZ_G"]
[Black "rrainey22"]
[Result "1-0"]
[WhiteElo "1454"]
[BlackElo "1797"]

1. e4 e5 2. d3 d5 3. f3 d4 4. c3 c5 5. Ne2 f6 6. b4 cxb4 7. c4 a5 8. a3 b6 9. g3
Bb7 10. h4 h5 11. Bh3 Qe7 12. O-O Na6 13. Qa4+ Kd8 14. f4 Qc7 15. fxe5 Bc6 16.
Qc2 Qxe5 17. Qd2 Bc5 18. Rf5 Qd6 19. Qf4 Qxf4 20. Nxf4 Ne7 21. Rxh5 Rxh5 22.
Nxh5 g6 23. Nxf6 Bd6 24. Bf4 Bxf4 25. gxf4 bxa3 26. Nxa3 Nc5 27. Bf1 Kc7 28.
Nd5+ Bxd5 29. Nb5+ Kd7 30. cxd5 Rf8 31. Bh3+ Kd8 32. d6 Nc6 33. e5 Rxf4 34. Rf1
Nxd3 35. e6 Ke8 36. d7+ Ke7 37. Nc7 Ncb4 38. Kg2 Rxh4 39. Rf7+ Kd8 40. Rf8+ Kxc7
41. d8=Q+ Kc6 42. Qxh4 Nd5 43. e7 N3f4+ 44. Rxf4 Nxf4+ 45. Qxf4 d3 46. e8=Q+ Kc5
47. Qee5+ Kc6 48. Qc7+ Kb5 49. Qfc4# 1-0

[Event "Never again!"]
[Site "http://www.queenalice.com/game.php?id=392100"]
[Date "2008.4.23"]
[Round "-"]
[White "rrainey22"]
[Black "AZ_G"]
[Result "1-0"]
[WhiteElo "1837"]
[BlackElo "1493"]

1. e4 e5 2. d4 d5 3. f3 c6 4. c4 f6 5. a3 Qa5+ 6. Bd2 Qd8 7. Bc3 dxc4 8. Bxc4 b5
9. Bb3 c5 10. d5 a5 11. Bc2 b4 12. axb4 cxb4 13. Bd2 Qb6 14. Qe2 Bc5 15. Nh3 Ba6
16. Bd3 g6 17. Bc1 f5 18. Nd2 Nf6 19. Nc4 Qd8 20. Nxe5 O-O 21. Nc4 Re8 22. e5
Nxd5 23. Rxa5 Qh4+ 24. g3 Qe7 25. f4 Nc6 26. Ra2 Nd4 27. Qf1 Nc2+ 28. Bxc2 b3
29. Bxb3 Reb8 30. Qf3 Kf8 31. Qxd5 Bb7 32. Qd3 Bxh1 33. Rxa8 Bxa8 34. Ba4 Bb4+
35. Ke2 Rd8 36. Qe3 Bc5 37. Qc3 Bd4 38. Qb3 g5 39. Nd6 Rxd6 40. Nxg5 Rh6 41. h4
Bc6 42. Qb8+ Kg7 43. Bb3 Ba7 44. Qg8# 1-0

[Event "Challenge"]
[Site "http://www.queenalice.com/game.php?id=400120"]
[Date "2008.5.8"]
[Round "-"]
[White "rrainey22"]
[Black "AZ_G"]
[Result "1-0"]
[WhiteElo "1810"]
[BlackElo "1490"]

1. e4 e6 2. d4 d6 3. c4 Bd7 4. d5 Be7 5. Nc3 c5 6. b3 f5 7. f3 Nf6 8. Bd3 Qa5 9.
Bd2 Nh5 10. Nb5 Qb6 11. Nc3 e5 12. exf5 Nf4 13. Bxf4 exf4 14. g4 Bh4+ 15. Kf1
O-O 16. Nge2 Bg5 17. h4 Bf6 18. Qd2 Qd8 19. g5 Be5 20. Nxf4 Bxf5 21. Bxf5 Rxf5
22. Ne6 Rxf3+ 23. Ke2 Bf4 24. Nxd8 Bxd2 25. Kxd2 b6 26. Nb7 Nd7 27. Nxd6 Raf8
28. Nde4 Ne5 29. Raf1 Rd3+ 30. Kc2 Rdf3 31. Nd1 R8f4 32. Rxf3 Nxf3 33. Nd6 Nd4+
34. Kb1 a6 35. Nc3 Rf6 36. Nde4 Rf3 37. d6 b5 38. cxb5 axb5 39. d7 Rf8 40. Nxc5
Rd8 41. Re1 b4 42. N3a4 Nc6 43. Re8+ Kf7 44. Rxd8 Nxd8 45. Nb6 Ke7 46. Kc2 Kd6
47. Nba4 Kc6 48. Kd3 h6 49. Kc4 hxg5 50. hxg5 g6 51. Kxb4 Kd5 52. Kc3 Kd6 53.
Kd4 Nc6+ 54. Kc4 Ne5+ 55. Kb5 Nxd7 56. Nxd7 Kxd7 57. Nc5+ Kd6 58. a4 Kc7 59. a5
Kb8 60. Kb6 Ka8 61. Ne6 Kb8 62. Nc7 Kc8 63. a6 Kd7 64. a7 Kd6 65. a8=Q Ke5 66.
Qd5+ Kf4 67. Ne6+ Kg4 68. Qe4+ Kg3 69. Qf4+ Kg2 70. Qe4+ Kg3 71. Nf4 Kg4 72. Qe5
Kf3 73. Nxg6 1-0